| 000 | 00966nam a22001937a 4500 | ||
|---|---|---|---|
| 999 |
_c58822 _d58822 |
||
| 003 | Ge_BSU | ||
| 005 | 20221005144455.0 | ||
| 008 | 221005s1981 ge ||||| |||| 00| 0 geo d | ||
| 041 | _ageo | ||
| 080 | _a1 ა-81 | ||
| 100 |
_aარისტოტელე _c _911894 |
||
| 245 |
_aრიტორიკა / _cარისტოტელე ; ძველბერძნ. თარგმნა, შესავ. წერილი, შენიშვნ. და საძიებელი დაურთო თ. კუკავამ ; რედ. ა. ურუშაძე ; თსუ-ს ბერძნ.-ლათ. ბიბ-კა. |
||
| 264 |
_aთბილისი : _bთბილ. უნ-ტის გამ-ბა, _c1981. |
||
| 300 |
_a246 გვ. ; _b 20 სმ. |
||
| 500 | _aშენიშვნები: გვ. 214-240. | ||
| 501 | _aსაძიებელი: გვ. 241-245. | ||
| 653 | _aრიტორიკა. | ||
| 942 |
_2udc _cBK |
||